| 000 | 00491nam a2200169 i 4500 | ||
|---|---|---|---|
| 001 | 102584 | ||
| 003 | ES-MaACL | ||
| 005 | 20230906183134.0 | ||
| 007 | t| | ||
| 008 | 051117s1966 sp ||||1| cat d | ||
| 100 | 1 |
_aMerle, Robert. _980569 |
|
| 245 | 1 | 0 |
_aAhmed ben Bella / _cRobert Merle; tradució de Maurici Serrahima. |
| 260 |
_aBarcelona : _bMaterials, _c1966. |
||
| 300 |
_a184 p., 3 h. ; _c22 cm. |
||
| 700 | 1 |
_aSerrahima, Maurici. _9105674 |
|
| 852 |
_aES-MaACL _jC-29599 _bR.60067 |
||
| 999 |
_c102584 _d102584 |
||